书目信息 |
| 题名: |
2007年:中国社会形势分析与预测
|
|
| 作者: | 陆学艺 , 李培林 , 汝信 主编 | |
| 分册: | ||
| 出版信息: | 北京 社会科学文献 2006.12 |
|
| 页数: | 339页 | |
| 开本: | 24cm | |
| 丛书名: | 社会蓝皮书系列 | |
| 单 册: | ||
| 中图分类: | D668 | |
| 科图分类: | ||
| 主题词: | 社会分析--she hui fen xi--中国--2006 , 社会预测--she hui yu ce--中国--2007 | |
| 电子资源: | ||
| ISBN: | 7-80230-385-0 | |
| 000 | 01222nam 2200325 450 | |
| 001 | 000000051749 | |
| 005 | 20080910104945.90 | |
| 010 | @a7-80230-385-0@dCNY49.00 (含光盘) | |
| 010 | @a7-900198-75-X@b光盘 | |
| 100 | @a20021211d2006 ekmy0chiy0121 ea | |
| 101 | 0 | @achi |
| 102 | @aCN@b110000 | |
| 105 | @aak a 000yy | |
| 200 | 1 | @a2007年:中国社会形势分析与预测@A2007 nian:zhong guo she hui xing shi fen xi yu yu ce@d= Analysis and forecast on China's social development @f汝信, 陆学艺, 李培林主编@zeng |
| 210 | @a北京@c社会科学文献@d2006.12 | |
| 215 | @a339页@c图@d24cm@e1光盘 | |
| 225 | 2 | @a社会蓝皮书系列@Ashe hui lan pi shu xi lie |
| 320 | @a有书目 | |
| 330 | @a本书从不同的层面,对我国2007年社会的改革现状和发展态势、特别是对社会各界关心的热点问题,进行了细致的分析和论述。 | |
| 410 | 0 | @12001 @a社会蓝皮书系列 |
| 510 | 1 | @aAnalysis and forecast on China's social development@zeng |
| 606 | 0 | @a社会分析@Ashe hui fen xi@y中国@z2006 |
| 606 | 0 | @a社会预测@Ashe hui yu ce@y中国@z2007 |
| 690 | @aD668@v4 | |
| 701 | 0 | @a陆学艺@Alu xue yi@4主编 |
| 701 | 0 | @a李培林@Ali pei lin@4主编 |
| 701 | 0 | @a汝信@Aru xin@4主编 |
| 801 | 0 | @aCN@bLR@c20080910 |
| 905 | @aZUCC@dD668@eR838 | |
| 999 | @akzh | |
| 2007年:中国社会形势分析与预测= Analysis and forecast on China's social development /汝信, 陆学艺, 李培林主编.-北京:社会科学文献,2006.12 |
| 339页:图;24cm+1光盘.-(社会蓝皮书系列) |
| ISBN 7-80230-385-0:CNY49.00 (含光盘) |
| 本书从不同的层面,对我国2007年社会的改革现状和发展态势、特别是对社会各界关心的热点问题,进行了细致的分析和论述。 |
| ● |
| 相关链接 |
|
|
|
正题名:2007年:中国社会形势分析与预测
索取号:D668/R838
 
预约/预借
| 序号 | 登录号 | 条形码 | 馆藏地/架位号 | 状态 | 备注 |
| 1 | 677680 | 206776808 | 社科库509/509社科库 75排8列1层/ [索取号:D668/R838] | 在馆 | |
| 2 | 677681 | 206776817 | 社科库509/422社科库 41排1列4层/ [索取号:D668/R838] | 在馆 | |
| 3 | 677682 | 206776826 | 社科库509/509社科库 75排8列1层/ [索取号:D668/R838] | 在馆 |